Los principios de calidad total : (Registro nro. 9360)

Detalles MARC
000 -LIDER
fixed length control field 00641nam a22002177a 4500
001 - NÚMERO DE CONTROL
Identificador de número de control 00115
003 - IDENTIFICACDOR DE NÚMERO DE CONTROL
control field DO-SdBNP
005 - DATE AND TIME OF LATEST TRANSACTION
control field 20160321144448.0
007 - CAMPOS FIJOS DE DESCRIPCIÓN FÍSICA
fixed length control field 00115
008 - ELEMENTOS DE LONGITUD FIJA
fixed length control field 160321b pr 1995 ||||| |||| 00| 0 spa d
040 ## - FUENTE DE CATALOGACIÓN
Agencia que crea de manera original el registro BPMSU
Idioma de catalogación spa
Agencia que realiza la transcripción BPMSU
092 ## - LOCALLY ASSIGNED DEWEY DECIMAL CALL NUMBER
Número de clasificación xxxxxxx
Número de ítem (Cutter) xxxxxxx
245 04 - MENCIÓN DE TITULO
Título Los principios de calidad total :
Subtítulo alternativas para el mejoramiento /
Mención de responsabilidad James Cunningham. [e.t....]
260 ## - PUBLICACIÓN, DISTRIBUCIÓN, ETC. (PIE DE IMPRENTA)
Lugar de publicación, distribución, etc Puerto Rico :
Nombre del editor, distribuidor, etc. National School Services of Puerto Rico,
Fecha de publicación, distribución, etc 1995.
300 ## - DESCRIPCIÓN FÍSICA
Extensión 87 p. :
Dimensiones 28 cm.
700 10 - ASIENTO SECUNDARIO -- NOMBRE PERSONAL
Nombre personal Lutzow, James
700 10 - ASIENTO SECUNDARIO -- NOMBRE PERSONAL
Nombre personal Mueller, Siegfried
700 10 - ASIENTO SECUNDARIO -- NOMBRE PERSONAL
Nombre personal Rivera, Julio
942 ## - ADDED ENTRY ELEMENTS (KOHA)
Source of classification or shelving scheme Dewey Decimal Classification
Koha item type Libros
956 ## - LOCAL ELECTRONIC LOCATION AND ACCESS (OCLC)
Nombre de host Brenda Tavárez
Existencias
Withdrawn status Lost status Source of classification or shelving scheme Damaged status Not for loan Collection code Home library Current library Date acquired Source of acquisition Total Checkouts Barcode Date last seen Price effective from Koha item type
    Dewey Decimal Classification       Biblioteca Pública Metropolitana Salomé Ureña Biblioteca Pública Metropolitana Salomé Ureña 03/21/2016 Donación   BPMSU16030244 03/21/2016 03/21/2016 Libros